[Event "31st Roquetas de Mar Open 2020"]
[Site "Roquetas de Mar"]
[Date "2020.01.03"]
[Round "2.11"]
[White "Shariyazdanov, Andrey"]
[Black "Reyes Penas, Sebastian"]
[Result "1-0"]
[WhiteElo "2519"]
[BlackElo "2215"]
[Annotator "TA"]
[PlyCount "101"]
[EventDate "2020.01.02"]
[EventType "swiss"]
[EventCountry "ESP"]
[SourceTitle "playchess.com"]
[Source "ChessBase"]
[SourceQuality "1"]

{[%evp 19,117,39,40,41,47,45,54,51,45,58,58,43,70,62,59,71,91,79,228,228,245,239,233,218,260,274,249,137,150,145,135,112,118,79,87,88,157,87,98,83,83,83,105,83,83,85,95,68,93,93,102,85,83,83,170,170,174,156,184,184,188,186,184,181,631,724,725,702,722,715,637,509,1806,1522,29977,29979,29979,29980,29980,29981,29981,29982,29982,29983,29983,29984,29987,29988,29988,29989,29995,29988,29994,29995,29995,29995,29995,29996,29996,29994]} 1. e4 c5 2. Nf3 e6 3. d4 cxd4 4. Nxd4 a6 5. Bd3 Nf6 6. O-O Qc7 7. Qe2 d6 8. c4 g6 9. Nc3 Bg7 10. Nf3 O-O 11. Bg5 {B42: Sicilian: Kan Variation: 5 Bd3} Ng4 12. Rac1 h6 13. Bf4 {White is slightly better.} Ne5 14. Rfd1 Nbc6 15. h3 {[#]} Kh7 $146 ({Predecessor:} 15... Bd7 16. Qe3 g5 17. Bg3 Nxf3+ 18. Qxf3 Ne5 {½-½ (31) Motylev,A (2649)-Svidler,P (2727) Berlin 2015}) 16. b3 Bd7 17. Bb1 Rac8 18. Be3 Qb8 (18... Nxf3+ $16 19. Qxf3 Ne5) 19. Nxe5 $18 Bxe5 {[#]} 20. f4 $1 {[%cal Rf4e5]} Bg7 {[#]} 21. e5 $1 {[%mdl 512]} dxe5 22. Rxd7 exf4 23. Bf2 ({White should try} 23. Bb6 $18) 23... Rcd8 $16 24. Rxd8 Rxd8 25. Bb6 Rd7 26. Rd1 (26. Kf1 {with more complications.} Nd4 27. Qd2 Qd6 28. Na4 f5 29. Qf2) 26... Rxd1+ 27. Nxd1 e5 (27... Nd4 $142 28. Qd3 Qd6 29. Bxd4 Bxd4+ 30. Kf1 e5) 28. h4 (28. Nc3 $142) 28... f5 29. h5 {Threatens to win with hxg6+.} e4 30. hxg6+ Kxg6 31. Bxe4 fxe4 32. Qxe4+ Kf7 33. Qf5+ Kg8 34. Nf2 Qf8 35. Qxf8+ Bxf8 {[%mdl 4096] Endgame KBN-KBN} 36. Nd3 Bd6 (36... Kf7 $16) 37. Kf2 $18 Kg7 {[#]} 38. Kf3 $1 Kf7 39. Nxf4 Nb4 40. a4 Nc2 41. Nd3 Nb4 $2 (41... Ke6 42. g4 Na1) 42. Nxb4 Bxb4 {KB-KB} 43. g4 Kg6 44. Be3 Be7 45. c5 a5 (45... Kf7 $142 46. b4 (46. Bxh6 Bxc5 47. Bg5 Ba3 $16) 46... Bf8) 46. Ke4 Bg5 47. Bxg5 {White mates.} Kxg5 {[#]} 48. b4 $1 {[%mdl 512]} axb4 {K3P-K3P} 49. a5 b3 50. Kd3 Kxg4 {[#]} 51. c6 {Played: a5-a6} 1-0

[Event "31st Roquetas de Mar Open 2020"]
[Site "Roquetas de Mar"]
[Date "2020.01.03"]
[Round "2.12"]
[White "Silva Lucena, Cristian"]
[Black "Klekowski, Maciej"]
[Result "0-1"]
[WhiteElo "2217"]
[BlackElo "2515"]
[Annotator "TA"]
[PlyCount "50"]
[EventDate "2020.01.02"]
[EventType "swiss"]
[EventCountry "ESP"]
[SourceTitle "playchess.com"]
[Source "ChessBase"]
[SourceQuality "1"]

{[%evp 9,50,-4,5,-2,5,-2,5,-2,0,-12,0,-6,-7,-8,0,0,0,0,0,-47,-39,-56,-53,-70,-60,-139,-136,-202,-207,-205,-175,-185,-179,-459,-395,-456,-448,-428,-433,-29994,-1293,-1262,-1223]} 1. Nf3 f5 2. d3 Nc6 3. d4 e6 4. c4 Nf6 5. Bf4 $146 ({Predecessor:} 5. g3 Bb4+ 6. Bd2 Bxd2+ 7. Qxd2 Ne4 8. Qd3 Qe7 9. a3 b6 10. Nc3 {½-½ (31) Gelfand,B (2741)-Vallejo Pons,F (2684) Berlin 2015}) 5... Bb4+ 6. Nbd2 {A04: Unusual lines after 1 Nf3 and King's Indian Attack} d6 7. a3 Bxd2+ $1 8. Bxd2 {The position is equal.} O-O 9. e3 e5 10. dxe5 dxe5 11. Bb4 Nxb4 12. axb4 Qe7 13. Qb3 f4 14. Be2 e4 15. Nd4 fxe3 $1 16. c5+ Kh8 17. Qxe3 ({Better is} 17. fxe3 $15 Ng8 18. Qd5) 17... Nd5 $1 $36 {[%cal Rd5e3][%mdl 2048] Black has strong initiative.} 18. Qb3 (18. Qg3 $17 {was necessary.}) 18... Nf4 $1 $19 {[%cal Rf4d3] aiming for ...Nd3+.} 19. O-O Bh3 20. gxh3 {Hoping for Bc4.} Rad8 $1 {[%cal Ba8d8,Bd8d4,Bd4d3][%mdl 32]} 21. Rfd1 $2 (21. Ne6 {might work better.} Nxe6 22. Qe3) 21... Rxd4 $1 22. Bf1 {[#]} Rd3 $1 {[%cal Rd3b3][%mdl 512]} 23. Rxd3 exd3 24. Rxa7 {[#]} (24. Qd1 $19 Qf6 25. Qf3) 24... Qe1 (24... Nxh3+ $142 $1 {[%mdl 512]} 25. Kh1 (25. Bxh3 Qe1+) 25... Nxf2+ 26. Kg1 Qg5+ 27. Bg2 Nh3+ 28. Kh1 Rf1+ $1 {[%mdl 576] Back Rank} 29. Bxf1 Qg1#) 25. Qf7 Ng6 {Accuracy: White = 29%, Black = 77%.} ({Inferior is} 25... Rxf7 26. Ra8+ Qe8 27. Rxe8+ Rf8 28. Rxf8#) ({Less strong is} 25... Nxh3+ {[#]} 26. Kg2 $1 $17 {[%mdl 512]}) 0-1

[Event "31st Roquetas de Mar Open 2020"]
[Site "Roquetas de Mar"]
[Date "2020.01.03"]
[Round "2.13"]
[White "Sosa, Tomas"]
[Black "Carbonell Sancho, Marc"]
[Result "1-0"]
[WhiteElo "2508"]
[BlackElo "2209"]
[Annotator "TA"]
[PlyCount "101"]
[EventDate "2020.01.02"]
[EventType "swiss"]
[EventCountry "ESP"]
[SourceTitle "playchess.com"]
[Source "ChessBase"]
[SourceQuality "1"]

{[%evp 19,101,37,56,50,54,42,54,35,65,70,70,60,83,72,89,63,87,93,97,79,127,84,84,64,91,82,86,89,97,71,87,69,122,133,108,113,126,117,104,-93,-6,-12,0,0,0,0,75,77,80,83,79,102,306,277,245,217,187,68,67,63,479,386,846,252,476,108,94,58,57,70,1052,1033,993,1039,975,937,12843,1003,947,912,862,819,12843,12844]} 1. e4 c5 2. Nf3 Nc6 3. d4 cxd4 4. Nxd4 g6 5. c4 Bg7 6. Be3 Nf6 7. Nc3 d6 8. Be2 O-O 9. O-O Bd7 10. h3 Rc8 11. Qd2 {B38: Sicilian: Maroczy Bind with 5...Bg7 and 7...0-0} (11. Rc1 Qa5 12. Nb3 Qd8 13. c5 Be6 14. cxd6 Qxd6 15. Nc5 b6 16. Qxd6 exd6 17. Nxe6 fxe6 18. Rfd1 Rfd8 19. Bc4 {0-1 (58) Pavlidis,A (2564)-Pavlidis,A (2362) Rio Achaea 2018}) 11... Nxd4 12. Bxd4 Bc6 13. Qe3 {White is slightly better.} Nd7 $146 ({Predecessor:} 13... b6 14. f4 Qc7 15. e5 dxe5 16. fxe5 Nd7 17. e6 Bxd4 18. exf7+ Rxf7 19. Qxd4 {1-0 (32) Ziaziulkina,N (2291)-Ikis,M (1866) Konya 2011}) 14. Bxg7 ({Don't blunder} 14. Bxa7 $2 b6 $19) 14... Kxg7 15. b4 b6 16. Rad1 Kg8 17. h4 a5 18. a3 axb4 19. axb4 Ra8 20. Qh6 Ra3 21. Rd3 Ne5 22. Rg3 f6 23. Qc1 Ra7 24. f4 Nf7 25. b5 Ba8 (25... Bb7 $14) 26. h5 $16 g5 27. Bg4 $1 e5 28. Be6 {Hoping for fxg5.} Kh8 29. Bxf7 $2 (29. f5 $16) 29... exf4 (29... gxf4 $17 30. Rd3 Raxf7) 30. Rd3 $11 Rfxf7 31. Qd2 Rad7 32. Rd1 Rfe7 (32... Kg7 $11 {remains equal.}) 33. Rxd6 $16 Rxd6 34. Qxd6 Qxd6 35. Rxd6 Bxe4 $2 {[%mdl 4096] Endgame KRB-KRN} (35... Kg7 $16 {was worth a try.}) 36. h6 {White wants to mate with Rd8+.} (36. Rxf6 Bd3 $16) 36... Kg8 37. Rxb6 {Black must now prevent c5.} Bd3 38. Rxf6 (38. Nd5 $1 $18 {[%cal Rd5e7]} Re5 39. Rb7 (39. Nxf6+ Kf7 $16)) 38... Bxc4 $14 39. b6 {aiming for Rf5.} Bf7 $2 {[%mdl 8192]} (39... Ba6 $1 $14) 40. Kf2 Kf8 $2 (40... Bg6 41. Na4 Be4) 41. Na4 $2 (41. Nb5 {And now Nd6 would win.} Kg8 42. Rd6) 41... Re8 $2 {[#]} (41... Rd7 42. Rf5 (42. Nc5 Rd2+ 43. Kf3 Ke7 $18) 42... Rd2+ 43. Ke1 Rd4) 42. Rf5 $2 (42. b7 $1 $18 {and the rest is easy. Nb6 is the strong threat.} g4 43. Nb6 g3+ 44. Kf3) 42... Rb8 $16 43. Nc5 Ke7 $1 44. b7 Bg6 $2 {[%mdl 8192]} (44... g4 $14) 45. Rxg5 $18 {White is clearly winning.} Kd6 46. Kf3 Kc6 47. Kxf4 Kd6 {[#]} 48. Ke3 (48. Rxg6+ $142 $1 hxg6 49. Ne4+ Ke7 50. h7) 48... Kc6 49. Re5 Rd8 50. g3 Kb6 {[#]} 51. b8=Q+ $1 {Accuracy: White = 49%, Black = 28%.} 1-0

[Event "31st Roquetas de Mar Open 2020"]
[Site "Roquetas de Mar"]
[Date "2020.01.03"]
[Round "2.14"]
[White "Martin Carmona, Gaston Manuel"]
[Black "Espinosa Aranda, Angel"]
[Result "1/2-1/2"]
[WhiteElo "2211"]
[BlackElo "2504"]
[Annotator "TA"]
[PlyCount "85"]
[EventDate "2020.01.02"]
[EventType "swiss"]
[EventCountry "ESP"]
[SourceTitle "playchess.com"]
[Source "ChessBase"]
[SourceQuality "1"]

{[%evp 18,85,45,40,50,9,40,26,29,18,51,53,57,47,60,42,87,63,64,68,118,113,114,112,97,121,109,108,83,58,75,87,91,74,60,64,77,33,280,281,368,214,198,206,357,184,214,117,295,243,428,137,148,152,139,25,26,20,49,14,17,3,8,8,8,0,8,0,8,0]} 1. Nf3 Nf6 2. c4 b6 3. d4 Bb7 4. Nc3 g6 5. Bf4 Bg7 6. e3 O-O 7. Be2 d6 8. h3 Nbd7 9. O-O e6 10. Qc2 Qe7 {E61: King's Indian: Early deviations for White, including Smyslov System} 11. Bh2 $146 (11. Rad1 Nh5 12. Bh2 f5 13. Nd2 a5 14. Rfe1 Qf7 15. Bf3 Bxf3 16. Nxf3 e5 17. dxe5 Nxe5 18. Nxe5 dxe5 {1-0 (29) Georgiev,K (2623)-Ibrahimov,R (2518) Riadh 2017}) 11... e5 12. dxe5 dxe5 {White has an edge.} 13. Rfd1 e4 14. Nd4 Ne5 15. a4 a5 16. Ndb5 Qc5 17. Rd4 Nc6 18. Bxc7 Nxd4 19. exd4 Qg5 20. d5 Bc8 21. Nxe4 Nxe4 22. Qxe4 Bxb2 23. Rf1 Bxh3 24. f4 Qg3 25. Qf3 Qxf3 26. Bxf3 Bf5 27. Bxb6 Rac8 $2 ({Better is} 27... Rab8 $1 $14 28. Bc7 (28. Bxa5 Ra8 $11) 28... Bd3) 28. c5 $1 $18 Bd3 {Threatening ...Bxb5.} 29. Rf2 (29. c6 $142) 29... Bc1 {Threatens to win with ...Bxb5.} 30. c6 $1 Rce8 $2 (30... Bxf4 31. Be2 Bxb5 32. axb5 Bd6) 31. Bxa5 (31. g3 $142) 31... Bxf4 {[#] White should prevent ...Ra8.} 32. Bb4 (32. Be2 $1 $18 {[%cal Re2d3]} Bxb5 33. axb5) 32... Re5 $2 (32... Bg3 $16) 33. c7 {Black must now prevent Bg4.} Rfe8 $2 (33... Bg3 34. Nd6 Ba6) 34. g4 $2 (34. Be2 $18 {and the rest is easy.} Be3 35. Bxd3 Rxd5 36. Nd6 {[%mdl 64] Double Attack}) 34... Bxb5 35. axb5 Re1+ {[#]} 36. Bxe1 (36. Kg2 $1 $16 Bxc7 37. d6 (37. Bxe1 Rxe1 38. Rd2 Bd6 $14) 37... Bxd6 38. Bxd6) 36... Rxe1+ $16 {[%mdl 4096] Endgame KRB-KRB} 37. Kg2 Bxc7 38. Rc2 Be5 {The position is equal.} 39. Rc8+ Kg7 40. Re8 Bc3 41. Rc8 Be5 42. Re8 {Strongly threatening d6!} Bc3 43. Rc8 {Accuracy: White = 35%, Black = 50%.} 1/2-1/2

[Event "31st Roquetas de Mar Open 2020"]
[Site "Roquetas de Mar"]
[Date "2020.01.03"]
[Round "2.15"]
[White "Sadzikowski, Daniel"]
[Black "Lopez Quevedo, Eduardo"]
[Result "1-0"]
[WhiteElo "2501"]
[BlackElo "2192"]
[Annotator "TA"]
[PlyCount "75"]
[EventDate "2020.01.02"]
[EventType "swiss"]
[EventCountry "ESP"]
[SourceTitle "playchess.com"]
[Source "ChessBase"]
[SourceQuality "1"]

{[%evp 18,75,53,66,68,75,83,70,80,70,60,18,73,71,66,45,36,0,189,202,188,201,198,197,195,187,233,235,434,269,407,243,406,343,685,281,271,279,265,252,251,245,237,197,304,317,323,341,316,288,470,377,346,235,481,416,1472,1353,4606,4134]} 1. c4 Nf6 2. Nc3 g6 3. e4 d6 4. d4 Bg7 5. h3 c5 6. d5 O-O 7. Bd3 e6 8. Nf3 exd5 9. exd5 Re8+ 10. Be3 Rxe3+ {E90: King's Indian: Classical: Early deviations and 6 h3} 11. fxe3 Qe7 12. Qd2 Nbd7 $146 {White is slightly better.} ({Predecessor:} 12... Bh6 13. Kf2 Nbd7 14. Rhe1 Ne5 15. Nxe5 Qxe5 16. Kg1 Bd7 17. Qf2 Re8 18. Nd1 {½-½ (41) Goganov,A (2590)-Iljiushenok,I (2419) Samara 2014}) 13. O-O-O a6 14. g4 {With the idea Rhf1.} Ne5 (14... b5 $11 {remains equal.}) 15. Nxe5 $16 Qxe5 16. Rdf1 b5 17. cxb5 c4 $2 (17... axb5 $11 18. Bxb5 Ne4 19. Nxe4 Qxe4) 18. Bxc4 $18 Ne4 19. Nxe4 Qxe4 20. Qc2 Qxe3+ 21. Kb1 {[#] Strongly threatening Re1.} axb5 22. Re1 Qf3 $2 (22... Qa7 {was worth a try.}) 23. Rhf1 Qxh3 24. Re8+ Bf8 25. Be2 Qg2 $2 {[#]} (25... Bb7 26. Qc7 Qxf1+ 27. Bxf1 Rxe8) 26. a3 (26. Qc6 $142 $1 {White threatens Rxf8+! and mate.} Bb7 27. Qxb7 {[%mdl 64] Double Attack} Qxf1+ 28. Bxf1 Rxe8 29. Bxb5) 26... Bb7 27. Rxa8 ({Don't take} 27. Bxb5 $6 Qxf1+ 28. Bxf1 Rxe8 $16) 27... Bxa8 28. Bxb5 $40 {[%mdl 128] White has strong attack.} Bxd5 {White must now prevent ...Ba2+!} 29. Qxg2 Bxg2 {[%mdl 4096] Endgame KRB-KB} 30. Rc1 f5 (30... Be4+ $142 31. Ka2 Bh6) 31. gxf5 Be4+ 32. Ka2 gxf5 33. a4 {[%cal Ba3a4,Ba4a5,Ba5a6][%mdl 32]} h5 $2 (33... Bh6 {might work better.} 34. Rc7 Be3) 34. a5 Bh6 35. Rd1 Bf4 $2 (35... Be3 {was called for.} 36. Bc4+ Kg7) 36. a6 h4 (36... Be3 $142 37. Rxd6 Kf7) 37. Bc4+ Kf8 38. Bd5 {Accuracy: White = 47%, Black = 31%.} 1-0

[Event "31st Roquetas de Mar Open 2020"]
[Site "Roquetas de Mar"]
[Date "2020.01.03"]
[Round "2.16"]
[White "Ramirez Diaz, Jose Ramon"]
[Black "Marin, Mihail"]
[Result "1/2-1/2"]
[WhiteElo "2183"]
[BlackElo "2496"]
[Annotator "TA"]
[PlyCount "78"]
[EventDate "2020.01.02"]
[EventType "swiss"]
[EventCountry "ESP"]
[SourceTitle "playchess.com"]
[Source "ChessBase"]
[SourceQuality "1"]

{[%evp 9,78,37,92,67,64,41,86,62,53,-29,-6,-47,0,1,85,73,79,72,81,72,99,97,99,95,106,81,107,73,81,71,84,80,85,84,77,70,96,97,99,72,105,99,89,75,84,58,85,74,70,65,83,0,0,0,29,0,0,0,12,12,81,0,16,0,55,0,22,0,38,0,37]} 1. e4 e5 2. Bc4 Nc6 3. Nc3 Nf6 4. d3 g6 (4... Na5 5. Bb3 Bb4 6. Nf3 Nxb3 7. axb3 d5 8. exd5 Nxd5 9. Bd2 Nxc3 10. Bxc3 Bxc3+ 11. bxc3 O-O 12. O-O Re8 13. Re1 {1-0 (89) Rapport,R (2747)-Aronian,L (2765) Saint Louis 2019}) 5. f4 Nh5 $146 (5... d6 $14) ({Predecessor:} 5... Bg7 6. Nf3 d6 7. O-O O-O 8. a3 Be6 9. Bxe6 fxe6 10. fxe5 dxe5 11. Bg5 Qd6 12. Bxf6 Bxf6 {1-0 (57) Schaefer,M (2216)-Hausner,I (2415) Bayern 2006}) 6. Nge2 {C28: Vienna Game: 2...Nf6 3 Bc4 Nc6} exf4 7. O-O Bg7 8. g4 {White is better.} Nf6 $1 9. Rxf4 (9. Bxf4 $14 O-O 10. h3) 9... O-O $11 10. Qf1 Ne5 (10... d5 $5 11. Bxd5 (11. exd5 Nb4 $15 {[%mdl 64] Double Attack}) (11. Nxd5 Nxg4 12. Qg2 h5 $11) 11... Nxd5 12. Nxd5 (12. exd5 g5 $11) 12... Be6 $11) 11. Bb3 $36 {[%mdl 2048] Threatening h3. White fights for an advantage.} d6 (11... d5 $11) 12. d4 $16 Nexg4 13. h3 Nh6 14. Rxf6 $1 {[%mdl 64] Deflection} Bxf6 15. Bxh6 Bg7 16. Bxg7 Kxg7 17. Qf3 Be6 18. Nd5 {[%cal Bc3d5,Bd5f4,Bf4d3][%mdl 32]} a5 19. Ndf4 Qe7 20. Bxe6 fxe6 21. Qg4 Rae8 22. Nd3 e5 23. dxe5 dxe5 24. Kg2 Rf6 25. Ng3 {Hoping for Nh5+.} Kh8 26. Rf1 Ref8 27. Rxf6 Qxf6 28. Qe2 h5 29. Nf1 b5 {[#]} 30. Nh2 ({White should play} 30. a4 $1 $16 {[%mdl 512]}) 30... Qg5+ $1 $11 31. Kh1 Kh7 32. Qg2 Qe3 33. Nf1 Qd4 34. Nd2 {With the idea Nf3.} Kg7 {[#]} (34... Qe3 $1 $11 {remains equal.}) 35. Qg5 (35. Qe2 $1 $16) 35... Re8 36. Qg1 Rd8 ({Better is} 36... c5 $11) 37. Qg5 Re8 38. Qg1 Rd8 39. Qg5 Re8 {Accuracy: White = 50%, Black = 45%.} 1/2-1/2

[Event "31st Roquetas de Mar Open 2020"]
[Site "Roquetas de Mar"]
[Date "2020.01.03"]
[Round "2.17"]
[White "Sanchez Jerez, Emilio Miguel"]
[Black "Wieczorek, Oskar"]
[Result "0-1"]
[WhiteElo "2168"]
[BlackElo "2490"]
[Annotator "TA"]
[PlyCount "56"]
[EventDate "2020.01.02"]
[EventType "swiss"]
[EventCountry "ESP"]
[SourceTitle "playchess.com"]
[Source "ChessBase"]
[SourceQuality "1"]

{[%evp 9,56,-22,-14,-12,-6,-63,-54,-70,-75,-311,-129,-122,-126,-305,-295,-302,-303,-305,-312,-304,-306,-312,-306,-332,-342,-350,-339,-340,-337,-324,-340,-381,-436,-417,-417,-501,-498,-505,-494,-641,-637,-628,-614,-605,-605,-742,-735,-880,-845]} 1. e4 c5 2. Ne2 Nf6 3. e5 (3. Nbc3 d6 4. g3 Nc6 5. d4 cxd4 6. Nxd4 g6 7. Nxc6 bxc6 8. Bg2 Qc7 9. b3 Bg7 10. Bb2 O-O 11. O-O Ba6 12. Re1 Rad8 13. Qd4 e5 14. Qd2 Nd7 {½-½ (58) Wang,H (2722)-Wojtaszek,R (2727) Douglas 2018}) 3... Ng4 4. d4 cxd4 5. Qxd4 d6 6. exd6 {B20: Sicilian: Unusual White 2nd moves} Nc6 7. dxe7 (7. Qd2 $11) 7... Qxe7 $15 (7... Nxd4 $2 {perishes.} 8. exd8=Q+ (8. exd8=B $2 {loses.} Nxc2+ {[%mdl 64] Double Attack} 9. Kd2 Nxa1 $19) 8... Kxd8 9. Nxd4 $18) (7... Qxd4 $6 8. exf8=Q+ Kxf8 9. Nxd4 $14) 8. Qf4 {Black is slightly better.} g6 $1 {[%mdl 1024] aiming for ...Bh6. Black has compensation.} 9. Qg5 $146 (9. Na3 $17 {is a better defense.}) ({Predecessor:} 9. Na3 Bh6 10. Qg3 Bxc1 11. Rxc1 {½-½ (68) Cil,H (1721)-Yetkin,A (1819) Konya 2018}) 9... Qb4+ (9... f6 $19 10. Qb5 Qc5 11. Qxc5 Bxc5) 10. Nbc3 $17 Bc5 $36 {[%mdl 2048] Black has strong initiative.} 11. f3 $2 (11. Be3 $17 Bxe3 12. fxe3) 11... Bf2+ $19 12. Kd1 {[#]} Bh4 $1 {[%mdl 512]} 13. Qxh4 Ne3+ $1 {[%mdl 64] Discovered Attack} 14. Bxe3 Qxh4 15. Ne4 {Bg5 is the strong threat.} Bf5 16. Nd6+ Kf8 {Hoping for ...Rd8.} 17. Nxf5 Rd8+ ({Don't take} 17... gxf5 18. Nf4) 18. Nfd4 Nxd4 19. Nxd4 Rxd4+ 20. Bxd4 Qxd4+ {[%mdl 64] Double Attack} 21. Bd3 Qf2 22. Rf1 Qxg2 {Black is clearly winning.} 23. h4 Kg7 24. f4 Rd8 25. Re1 Qf3+ 26. Kd2 Qxf4+ 27. Kc3 Qd4+ 28. Kb3 Rd6 {Accuracy: White = 36%, Black = 78%.} 0-1

[Event "31st Roquetas de Mar Open 2020"]
[Site "Roquetas de Mar"]
[Date "2020.01.03"]
[Round "3.1"]
[White "Grigoryan, Karen H."]
[Black "Mieles Palau, Daniel"]
[Result "1-0"]
[WhiteElo "2632"]
[BlackElo "2374"]
[Annotator "TA"]
[PlyCount "67"]
[EventDate "2020.01.02"]
[EventType "swiss"]
[EventCountry "ESP"]
[SourceTitle "playchess.com"]
[Source "ChessBase"]
[SourceQuality "1"]

{[%evp 12,67,27,6,10,14,34,38,36,35,38,25,33,44,30,32,27,0,0,0,0,0,0,0,0,0,0,0,0,-11,-13,-21,-21,-9,-19,-18,-6,-12,-20,-19,0,-31,0,-37,-10,-8,-8,-22,0,0,2,6,36,38,230,230,354,333]} 1. e4 c5 2. Nf3 Nc6 3. Bb5 g6 4. Bxc6 dxc6 5. d3 Bg7 6. h3 Nf6 7. Nc3 Nd7 {B31: Sicilian: 2...Nc6 3 Bb5 g6} 8. Be3 b6 9. Qd2 h6 {White is slightly better.} 10. O-O e5 11. Nh2 Nf8 (11... Nf6 12. a3 Be6 13. b4 Nd5 14. exd5 cxd5 15. Qe1 d4 16. Bd2 dxc3 17. Bxc3 {½-½ (33) Dominguez Perez,L (2763)-Abasov,N (2632) Khanty-Mansiysk 2019}) 12. f4 exf4 13. Bxf4 Ne6 14. Bg3 Qg5 $36 {[%mdl 2048] Black fights for an advantage.} 15. Qe1 Nd4 16. Nf3 Nxc2 $146 {[#] Hoping for ...Qe7.} ({Predecessor:} 16... Qd8 17. Qd2 {1-0 (62) Kobalia,M (2620)-Zagrebelny,S (2485) Tula 2019}) 17. Nxg5 Nxe1 18. Nxf7 O-O 19. Nxh6+ $1 ({Much weaker is} 19. Raxe1 Rxf7 20. Rxf7 Kxf7 $17) 19... Bxh6 20. Rxf8+ (20. Rfxe1 {with more complications.} Rd8 21. Rad1 Ba6 22. Rf1 Bg7 23. Rf3) 20... Bxf8 21. Rxe1 Ba6 22. e5 Bxd3 23. Ne4 Be7 24. Nd6 $1 c4 25. e6 Rd8 26. Be5 b5 27. a3 a5 28. Nb7 Re8 29. Bd6 {White wants to play Bxe7.} Bf6 {...Bd4+ is the strong threat.} 30. Bc5 $1 Bf5 31. e7 Bc8 ({Wrong is} 31... Bxb2 $2 32. Nd6 $18) 32. Nxa5 c3 $2 {[#]} (32... Bd7 $14) 33. bxc3 $1 $18 ({And not} 33. Nxc6 cxb2 34. Bd4 Bxd4+ 35. Nxd4 Rxe7 $17) 33... Bxc3 (33... Kg7 {might work better.}) 34. Rf1 {Accuracy: White = 74%, Black = 59%.} 1-0

[Event "31st Roquetas de Mar Open 2020"]
[Site "Roquetas de Mar"]
[Date "2020.01.03"]
[Round "3.2"]
[White "Pridorozhni, Aleksei"]
[Black "Harff, Marcel"]
[Result "1-0"]
[WhiteElo "2601"]
[BlackElo "2369"]
[Annotator "TA"]
[PlyCount "101"]
[EventDate "2020.01.02"]
[EventType "swiss"]
[EventCountry "ESP"]
[SourceTitle "playchess.com"]
[Source "ChessBase"]
[SourceQuality "1"]

{[%evp 15,101,16,15,-17,12,-1,10,3,29,3,3,31,21,43,21,4,33,36,36,25,21,32,32,32,31,22,33,40,37,20,81,81,95,74,103,89,77,72,90,87,93,93,95,77,137,134,235,239,233,219,272,243,261,193,219,220,202,200,269,178,381,375,319,317,569,566,858,850,936,915,1116,1104,29987,29988,29988,29989,29989,29990,29990,29991,29991,29982,29971,29960,29991,29992,29992,29990]} 1. e4 e6 2. d4 d5 3. Nd2 c5 4. Ngf3 Nf6 5. e5 Nfd7 6. c3 Nc6 7. Bd3 Be7 8. O-O g5 9. Bb5 {C06: French Tarrasch: 3...Nf6 4 e5 Nfd7 5 Bd3 main lines} (9. Qe2 h5 10. Qe3 Qb6 11. b4 cxd4 12. cxd4 Nxb4 13. Rb1 Qa5 14. Be2 g4 15. Ne1 Nb6 16. Nb3 Qa4 {½-½ (30) Xiong,J (2634)-Van Foreest,J (2629) Wijk aan Zee 2018}) 9... g4 10. Ne1 $1 h5 11. Nb3 {The position is equal.} Qb6 12. Ba4 $146 ({Predecessor:} 12. Be2 a5 13. a4 Nf8 14. Nxc5 Bxc5 15. dxc5 Qc7 16. Bb5 Qxe5 {1-0 (38) Jonkman,H (2425)-Thavandiran,S (2103) Guelph 2004}) 12... cxd4 13. cxd4 Qa6 14. Bxc6 bxc6 15. Nd3 Qb6 16. Be3 Ba6 17. Qc2 Bxd3 18. Qxd3 a5 19. Rfc1 a4 20. Nd2 Qa6 21. Qc3 Rc8 22. b4 Qb5 (22... axb3 $1 $11 {keeps the balance.} 23. axb3 (23. Nxb3 h4 $11) 23... Qb7) 23. a3 $16 Nb6 24. Rf1 Rg8 25. f4 gxf3 26. Rxf3 Qe2 {[%csl Gg8][%cal Re2g2]} 27. Rf2 Qg4 28. Qd3 Bh4 {[#]} 29. Re2 $1 Rc7 (29... Ra8 $142) 30. Rf1 {Strongly threatening Rf4.} Bg5 (30... Bd8 $16 31. Qa6 Rc8) 31. Bxg5 $18 Qxg5 32. Rf3 h4 33. h3 Nc8 34. Nf1 Na7 35. Ne3 Nb5 36. Ng4 {Threatens to win with Nf6+.} Rg6 37. Rc2 Kf8 $2 (37... Rg7 38. Rxc6 {[%mdl 64] Remove Defender} Rxc6 39. Qxb5 {[%mdl 64] Double Attack} Qc1+ 40. Rf1 Qc2) 38. Kh2 Rg7 {and the idea ...Qg6 leaves Black hopeful.} 39. Qd1 Qg6 $2 (39... Ke8 {keeps fighting.} 40. Rd2 Kd8) 40. Rcf2 Qe4 41. Rf4 Qg6 42. Rf6 Qg5 43. Qxa4 {Intending Qa8+ and mate.} Rg6 44. Qa8+ {White mates.} Kg7 {[#]} 45. Qe8 $1 Rxf6 46. Nxf6 Qg6 47. Qg8+ Kh6 48. Ng4+ Kg5 49. Qd8+ Kh5 50. Qh8+ Kg5 51. Rf6 {Accuracy: White = 74%, Black = 35%.} 1-0